000 00258nam a22001097a 4500
008 170112b xxu||||| |||| 00| 0 eng d
020 _a9780781764063
041 _aeng
080 _26TH
_a618.2
245 _aFUNDAMENTALS OF NURSING
_cKLUWER, W
942 _2udc
_cBK
999 _c2790
_d2790